ARRUPE JESUIT UNIVERSITY

CORONAVIRUS -STOP THE SPREAD - CLEAN,DISINFECT,COVER

Key events in African history : (Record no. 119924)

MARC details
000 -LEADER
fixed length control field 03484cam a2200301 a 4500
001 - CONTROL NUMBER
control field 12610684
003 - CONTROL NUMBER IDENTIFIER
control field ARRUPE
005 - DATE AND TIME OF LATEST TRANSACTION
control field 20140204170519.0
008 - FIXED-LENGTH DATA ELEMENTS--GENERAL INFORMATION
fixed length control field 011206s2002 ctuab b 001 0 eng
010 ## - LIBRARY OF CONGRESS CONTROL NUMBER
LC control number 2001058644
020 ## - INTERNATIONAL STANDARD BOOK NUMBER
International Standard Book Number 0313313237 (alk. paper)
040 ## - CATALOGING SOURCE
Original cataloging agency DLC
Transcribing agency DLC
Modifying agency DLC
043 ## - GEOGRAPHIC AREA CODE
Geographic area code f------
050 00 - LIBRARY OF CONGRESS CALL NUMBER
Classification number DT20
Item number .F35 2002
082 00 - DEWEY DECIMAL CLASSIFICATION NUMBER
Classification number 960
Edition number 21
300 ## - PHYSICAL DESCRIPTION
Other physical details ill., maps ;
Dimensions 25 cm.
100 1# - MAIN ENTRY--PERSONAL NAME
Personal name Falola, Toyin.
9 (RLIN) 7891
245 10 - TITLE STATEMENT
Title Key events in African history :
Remainder of title a reference guide /
Statement of responsibility, etc Toyin Falola.
260 ## - PUBLICATION, DISTRIBUTION, ETC. (IMPRINT)
Place of publication, distribution, etc Westport, Conn. :
Name of publisher, distributor, etc Greenwood Press,
Date of publication, distribution, etc 2002.
300 ## - PHYSICAL DESCRIPTION
Extent xxiii, 347 p. :
500 ## - GENERAL NOTE
General note "An Oryx book."
504 ## - BIBLIOGRAPHY, ETC. NOTE
Bibliography, etc Includes bibliographical references and index.
505 8# - FORMATTED CONTENTS NOTE
Formatted contents note Machine generated contents note: Part I. The Ancient and Precolonial Period -- Africa: An Overview 3 -- 1. The Prehistoric Past: The Evolution of Homo sapiens sapiens, 40,000 B.C. 18 -- 2. The Agricultural Revolution, 5000 B.C.+ 26 -- 3. The Civilization of Ancient Egypt, 3100 B.C.+ 34 -- 4. The Iron Age and the Spread of Bantu Speakers, 730 B.C.+ 43 -- 5. The Rise of Kush and Aksum, 730 B.C.+ 54 -- 6. The Greeks and Romans in North Africa, 332 B.C.+ 62 -- 7. Ethiopia: The Emergence of a Christian Kingdom, A.D. 1250+ 69 -- 8. The Spread of Islam, A.D. 622 Onward 79 -- 9. Kingdoms of West Africa: Ghana, Mali, and Songhay, A.D. 1000-1600 90 -- 10. The Rise of the Swahili City-States of East Africa, Tenth-Fourteenth Century A.D. 102 -- 11. The Atlantic Slave Trade, 1440-1870 110 -- 12. The Organization of Societies, Fifteenth Century A.D. Onward 119 -- Part II. The Nineteenth-Century Period -- 13. The Outbreak of Islamic Jihad, 1804 131 -- 14. Wars and Revolution among the Yoruba, 1817-93 140 -- 15. The Spread of Christianity, 1804 Onward 149 -- 16. The Rise of Muhammad Ali of Egypt, 1811-47 159 -- 17. The Mfecane: Shaka and the Zulu Kingdom, 1816-40 167 -- 18. European Conquest and African Response, 1885-1900 175 -- Part III. The Twentieth-Century Period -- 19. The Colonial Experience, 1900-1939 187 -- 20. The Entrenchment of Apartheid in South Africa, 1948 197 -- 21. Africa Drawn into the Second World War, 1940-45 205 -- 22. The End of European Rule, 1951-90 212 -- 23. Violence to Gain National Liberation, 1952-62 221 -- 24. Confrontation with the Gains and Pains -- of Independence, 1958-70 231 -- 25. The Formation of the Organization of African Unity, 1963 239 -- 26. Coups, Counter Coups, and Military Regimes, 1963 Onward 246 -- 27. Ujamaa and Policy Choices, 1967 Onward 254 -- 28. The Creation of the Economic Community of West African States, 1975 262 -- 29. Portuguese Colonies Attain Freedom, 1975 270 -- 30. Cultural Revival and Cultural Inventory: -- The Second World Black Festival of Arts and Culture, 1977 281 -- 31. The Women's Decade, 1975-85 289 -- 32. A Continent in Deep Crisis, 1980 Onward 297 -- 33. Environmental Challenges, 1980s Onward 305 -- 34. African Refugees, 1980 Onward 312 -- 35. Africa in World Politics in Transition, 1980s Onward 320 -- 36. The Fall of Apartheid and the Advent of Nelson Mandela's Government, 1994-99 328.
651 #0 - SUBJECT ADDED ENTRY--GEOGRAPHIC NAME
Geographic name Africa
General subdivision History.
9 (RLIN) 7892
856 41 - ELECTRONIC LOCATION AND ACCESS
Materials specified Table of contents
Uniform Resource Identifier <a href="http://www.loc.gov/catdir/toc/fy033/2001058644.html">http://www.loc.gov/catdir/toc/fy033/2001058644.html</a>
906 ## - LOCAL DATA ELEMENT F, LDF (RLIN)
a 7
b cbc
c orignew
d 1
e ocip
f 20
g y-gencatlg
942 ## - ADDED ENTRY ELEMENTS (KOHA)
Source of classification or shelving scheme Library of Congress Classification
Koha item type Monograph ( Printed materials)
Holdings
Withdrawn status Lost status Source of classification or shelving scheme Damaged status Not for loan Collection code Home library Current library Shelving location Date acquired Total Checkouts Full call number Barcode Date last seen Date checked out Price effective from Koha item type
    Library of Congress Classification     Main Collection ARRUPE LIBRARY ARRUPE LIBRARY Main Collection 04/02/2014 17 DT20 .F34 2002 46412019 08/09/2022 31/08/2022 04/02/2014 Monograph ( Printed materials)

 

Arrupe Library. PO Box MP320 Mt Pleasant, Harare, Zimbabwe
263 242 745411|librarian@aju.ac.zw